Statistiques concernant adam briakli

Cliquez ici pour prendre le quiz!

Statistiques générales

  • Ce quiz a été pris 8 fois
  • Le résultat moyen est 5 sur 7

Statistiques - réponses

QuestionRéponse% Correct
qu'elle est la situation de son père ?pauvre ne lui permettant pas d'avoir de forfait 4G
100%
la fonction de la prof d'anglais ?rester a son bureau
100%
quelle est sa fonction ?éthnologue
75%
le personnage de Dragon Ball légend qu'il veut volerle Père Gluskzowski
75%
De quelle espèce vient-il ?personne qui migre avec la mer
75%
quelle est la situation de son oncle ?riche personnage américain
75%
quelle est sa matière préféré ?le pétrole
25%

Distribution des résultats

Percentile par nombre de réponses

% des personnes avec chaque résultat

Votre développement - résultats

Vous n’avez pas pris ce quiz